Znaky kvality bukových kmeňov

Bibliographic Details
Main Authors: Chovanec, Dušan, 1929-2017 (Author), Čunderlík, Igor, 1949- (Author), Válka, Ján, informatika (Author)
Format: Book
Language:Slovak
PhysicalDescription:103 s., 5,356 AH Tb. Sch. 20 cm
Published: Zvolen VŠLD 1990
ISBN:8022800805
Edition:1. vyd.
Series:Vedecké a pedagogické aktuality Zv. 7/1989.

MARC

LEADER 00000nam a2200000 a 4500
001 vtls001067234
003 SK-MaSNL
005 20260301061917.0
008 250414s1990 xo 0 slo
015 |a SNBA1992/03 
020 |a 8022800805 
035 |a SNK000010064 
040 |a SNK  |b slo  |c SNK  |e AACR2 
041 0 |a slo 
044 |a xo  |c SK 
080 |a 674.031.632.2(048.83)  |2 1981 
100 1 |a Chovanec, Dušan,  |d 1929-2017  |4 aut  |9 117123 
245 1 0 |a Znaky kvality bukových kmeňov  |c Dušan Chovanec, Igor Čunderlík, Ján Válka 
250 |a 1. vyd. 
260 |a Zvolen  |b VŠLD  |c 1990  |e Zvolen  |f Edičné stredisko VŠLD 
300 |a 103 s., 5,356 AH  |b Tb. Sch.  |c 20 cm 
366 |e 200 výtl. 
490 0 |a Vedecké a pedagogické aktuality  |v Zv. 7/1989. 
500 |a Lit. 54. Rus. a nem. res. Schválil rektor VŠLD ako účelovú publ. pre VŠLD vo Zvolene. Rozmn. 
700 1 |a Čunderlík, Igor,  |d 1949-  |4 aut  |9 113336 
700 1 |a Válka, Ján,  |c informatika  |4 aut  |9 47521 
852 |a Slovenská národná knižnica 
919 |a 80-228-0080-5 
958 |a NB 
958 |a RM 
958 |a OND 
999 |c 618749  |d 620679 
952 |t P60, <04>, [BOOK], {604}  |a SNK  |b SNK  |y VYP  |7 0  |p 17A0269748  |o snkSD 63754 D1  |i snkKSP 1234/92  |0 0  |1 0  |4 0  |d 2002-07-09  |l 0  |r 2004-12-31 00:00:00  |w 2026-02-23 
952 |t P60, <04>, [BOOK], {604}  |a SNK  |b SNK  |y VYP  |7 0  |p 17A0361257  |o snkSD 63754 D2  |i snkKSP 13037/2002  |0 0  |1 0  |4 0  |d 2002-10-25  |l 0  |r 2004-12-31 00:00:00  |w 2026-02-23